header

The princess story (Record no. 75565)

MARC details
000 -LEADER
fixed length control field 01880nam a2200385 a 4500
082 04 - DEWEY DECIMAL CLASSIFICATION NUMBER
Classification number 813/.509
100 1# - MAIN ENTRY--AUTHOR NAME
Personal name Rothschild, Sarah,
245 14 - TITLE STATEMENT
Title The princess story
260 ## - PUBLICATION, DISTRIBUTION, ETC. (IMPRINT)
Place of publication New York :
Name of publisher Peter Lang,
Year of publication 2013.
300 ## - PHYSICAL DESCRIPTION
Number of Pages 274 p.
490 1# - SERIES STATEMENT
Series statement Modern American literature : new approaches,
505 0# - FORMATTED CONTENTS NOTE
Formatted contents note Introduction: What is a princess story? -- A little princess: a first wave feminist girl -- Disney's first princess stories -- Second-wave feminists and ideologically intent princess stories -- Disney's "feminist" princess stories -- The third-wave princess story: a redefinition -- Romance and the princess' continuing relevance.
650 #0 - SUBJECT ADDED ENTRY--TOPICAL TERM
Topical Term American fiction
Topical Term Princesses in literature.
Topical Term Disney characters.
Topical Term Feminist literary criticism.
856 40 - ELECTRONIC LOCATION AND ACCESS
Uniform Resource Identifier http://site.ebrary.com/lib/rucke/Doc?id=10651913

No items available.

© 2026 Rongo University
Contact us: librarian | system librarian | Rongo university